| 000 | 01236nkm a2200301 i 4500 | ||
|---|---|---|---|
| 001 | 3686 | ||
| 003 | ES-MaACL | ||
| 005 | 20250713062802.0 | ||
| 007 | khrbo | ||
| 008 | 070604s1986 sp --- g |001||spa d | ||
| 100 | 0 |
_aAlfonso, _d1902-1990 _919858 |
|
| 245 | 1 | 0 |
_aOcnos [ _hFotografía] _b: poema del tiempo / _cAlfonso (sello). |
| 260 |
_a[S.l. : _bs.n.], _c1986. |
||
| 300 |
_a5 fot. : _bb. y n. ; _c12 x 18 cm. |
||
| 490 | 1 | _aHomenaje a Luis Cernuda | |
| 500 | _aDatos basados en la invitación. | ||
| 511 | 0 | _aInterviene: Juan Carlos Alfeo Alvarez. | |
| 518 | _aActo organizado por el Ateneo de Madrid en colaboración con la revista "Alcores" celebrado en la sala de conferencias el jueves, 16 de enero de 1986, a las 21:00 h. | ||
| 600 | 1 | 4 |
_aAlfeo Alvarez, Juan Carlos. _919833 |
| 600 | 0 |
_aCernuda, Luis, _d1902-1963- _xCrítica e interpretación _9233932 |
|
| 610 | 2 | 4 |
_aAteneo de Madrid- _xActos culturales- _y1986- _vFotografías. _91901 |
| 710 | 2 |
_aAteneo de Madrid. _91875 |
|
| 830 | 0 |
_aHomenaje a Luis Cernuda _9176905 |
|
| 852 |
_aES-MaACL _jFOT 8/1986 |
||
| 856 | 4 |
_uhttp://www.ateneodemadrid.net/biblioteca_digital/imagenes/1986/0008-1986.jpg _zVer imagen |
|
| 942 | _2udc | ||
| 999 |
_c3686 _d3686 |
||